| 000 | 00528nam a2200181 a 4500 | ||
|---|---|---|---|
| 005 | 20240913064005.0 | ||
| 008 | 991125s1949 mx 000 0 spa u | ||
| 035 | _aUPN01000006159 | ||
| 049 | _aCG | ||
| 050 | 4 |
_aPQ7297 M37 _bC3 |
|
| 100 | 1 |
_aMagdaleno, Mauricio, _d1906-1986 _929096 |
|
| 245 | 1 | 0 |
_aCabello de elote : _bnovela / _cMauricio Magdaleno. |
| 260 |
_aMéxico : _bStylo, _c1949. |
||
| 300 | _a264 p. | ||
| 440 | 0 | _aStylo de escritores mexicanos antigüos y modernos | |
| 650 | 4 |
_aNovela mexicana _94557 |
|
| 905 | _aLibro | ||
| 999 |
_c6159 _d6159 |
||